| 000 | 01072nam a2200253 a 4500 | ||
|---|---|---|---|
| 001 | 000728650 | ||
| 003 | AM-YeHGA | ||
| 005 | 20250617143104.0 | ||
| 008 | 100414s1979 ru |||||r|||||000|0|rus|d | ||
| 040 | _aAM-YeHGA | ||
| 041 | 0 | _arus | |
| 245 | 0 | 0 |
_aТолерантность новорожденных детей к углеводам : _bНаучные труды / _cОтв. ред. К.В. Орехов ; АМН СССР, Сибирское отделение. |
| 260 |
_aНовосибирск : _b[Б. и.], _c1979. |
||
| 300 |
_a104 с. : _bтабл. ; _c20 см. |
||
| 504 | _aБиблиогр.: с. 98-101 | ||
| 650 | 1 | 4 | _aНоворожденный |
| 650 | 1 | 4 |
_aПищевые углеводы _xМетаболизм |
| 650 | 1 | 4 | _aУсвояемость физиологическая |
| 650 | 1 | 4 | _aЦитохимия |
| 650 | 1 | 4 | _aНаучные исследования |
| 700 | 1 |
_aОрехов, К.В. _eред. _4edt |
|
| 710 | 2 |
_aАкадемия медицинских наук СССР _bСибирское отделение |
|
| 090 | _c270971 | ||
| 999 |
_c269334 _d269334 |
||